Nine new regional venture capital funds (Record no. 69439)

MARC details
000 -LEADER
fixed length control field 01073cam a2200193 4500
001 - CONTROL NUMBER
control field WB3805-08
008 - FIXED-LENGTH DATA ELEMENTS--GENERAL INFORMATION
fixed length control field 020206n2002 000 0 eng u
035 ## - SYSTEM CONTROL NUMBER
System control number (Sirsi) u116617
245 ## - TITLE STATEMENT
Title Nine new regional venture capital funds
260 ## - PUBLICATION, DISTRIBUTION, ETC.
Date of publication, distribution, etc. 2002
490 ## - SERIES STATEMENT
Series statement RICS News Service
Volume/sequential designation 4 February 2002, (1)
520 ## - SUMMARY, ETC.
Summary, etc. Nine new regional venture capital funds for the UK regions were launched on 29 January 2002. The projects, pioneered by the Chancellor of the Exchequer, are the result of £225m of joint funding from the Department of Trade and Industry, Barclays Bank and the European Investment Bank. Companies eligible for finance are likely to receive sums between £70 000 and £250 000 as part of government's attempt to fill the equity gap for small companies. For further information:- E [email protected] or T +44 (0)20 7334 3703
590 ## - LOCAL NOTE (RLIN)
Local note WB
650 ## - SUBJECT ADDED ENTRY--TOPICAL TERM
Topical term or geographic name entry element VENTURE CAPITAL
650 ## - SUBJECT ADDED ENTRY--TOPICAL TERM
Topical term or geographic name entry element DEPARTMENT OF TRADE AND INDUSTRY
650 ## - SUBJECT ADDED ENTRY--TOPICAL TERM
Topical term or geographic name entry element BARCLAYS BANK
690 ## - LOCAL SUBJECT ADDED ENTRY--TOPICAL TERM (OCLC, RLIN)
Topical term or geographic name as entry element PROPERTY-COMMERCIAL PROPERTY-COMMERCIAL PROPERTY FINANCE AND INVESTMENT
942 ## - ADDED ENTRY ELEMENTS (KOHA)
Suppress in OPAC 0
Holdings
Withdrawn status Lost status Source of classification or shelving scheme Damaged status Not for loan Home library Current library Shelving location Date acquired Total Checkouts Full call number Barcode Date last seen Copy number Price effective from Koha item type
    Dewey Decimal Classification     London London News article 06/02/2002   WB3805-08 116617-1001 06/08/2019 1 06/08/2019 News article